Statistics for Non Mainland US States, Territories, and Commonwealths Shape Quiz

Click here to take the quiz!

General Stats

  • This quiz has been taken 22 times
  • The average score is 6 of 7

Answer Stats

Answer% Correct
Alaska
100%
Hawaii
100%
Puerto Rico
94%
Guam
88%
Northern Mariana Islands
76%
US Virgin Islands
76%
American Samoa
71%

Score Distribution

Percentile by Number Answered

Percent of People with Each Score

Your Score History

You have not taken this quiz